দর্শন পরিভাষাকোষ / (Record no. 36737)
[ view plain ]
| 000 -LEADER | |
|---|---|
| fixed length control field | 01113nam a2200265 a 4500 |
| 001 - CONTROL NUMBER | |
| control field | 36737 |
| 003 - CONTROL NUMBER IDENTIFIER | |
| rucl marc code | BD-RjUL |
| 005 - DATE AND TIME OF LATEST TRANSACTION | |
| control field | 20211209052530.0 |
| 008 - FIXED-LENGTH DATA ELEMENTS--GENERAL INFORMATION | |
| fixed length control field | 140826s1984 bg a|||| |||| 000 0 ben d |
| 020 ## - INTERNATIONAL STANDARD BOOK NUMBER | |
| International Standard Book Number | : |
| Terms of availability | TK. 20.00 |
| 035 ## - SYSTEM CONTROL NUMBER | |
| System control number | (BD-RjUL)36839 |
| 040 ## - CATALOGING SOURCE | |
| Original cataloging agency | BD-RjUL |
| Language of cataloging | ben |
| Transcribing agency | BD-RjUL |
| 041 ## - LANGUAGE CODE | |
| Language code of text/sound track or separate title | ben |
| 082 ## - DEWEY DECIMAL CLASSIFICATION NUMBER | |
| Classification number | 103 |
| Author mark and year | DAR 1984 |
| 245 00 - TITLE STATEMENT | |
| Title | দর্শন পরিভাষাকোষ / |
| Statement of responsibility, etc. | মফিজউদ্দীন আহমদ ও আবদুল মতীন সম্পাদিত |
| 260 ## - PUBLICATION, DISTRIBUTION, ETC. (IMPRINT) | |
| Place of publication, distribution, etc. | ঢাকা : |
| Name of publisher, distributor, etc. | বাংলা একাডেমী, |
| Date of publication, distribution, etc. | ১৯৮৪ |
| 300 ## - PHYSICAL DESCRIPTION | |
| Pagination | [৭], ১৭৪ পৃ. ; |
| Size | ২২ সেমি. |
| 490 ## - SERIES STATEMENT | |
| Series statement | বা/এ ; |
| Volume/sequential designation | ১৪০০ |
| 650 ## - SUBJECT ADDED ENTRY--TOPICAL TERM | |
| Topical term or geographic name as entry element | দর্শন |
| Form subdivision | অভিধান |
| 9 (RLIN) | 219281 |
| Topical term or geographic name as entry element | Philosophy |
| Form subdivision | Dictionaries |
| 9 (RLIN) | 219282 |
| 700 ## - ADDED ENTRY--PERSONAL NAME | |
| Personal name | আহমদ, মফিজউদ্দীন, সম্পাদক |
| Personal name | মতীন, আবদুল , যুগ্ম সম্পাদক |
| 830 ## - SERIES ADDED ENTRY--UNIFORM TITLE | |
| Uniform title | বা/এ ; |
| Volume number/sequential designation | ১৪০০ |
| 942 ## - ADDED ENTRY ELEMENTS (KOHA) | |
| Source of classification or shelving scheme | Dewey Decimal Classification |
| Koha item type | Reference |
| Lost status | Source of classification or shelving scheme | Damaged status | Not for loan | Collection code | Permanent Location | Current Location | Shelving location | Date acquired | Source of acquisition | Cost, normal purchase price | Total Checkouts | Full call number | Date last seen | Copy number | Koha item type |
|---|---|---|---|---|---|---|---|---|---|---|---|---|---|---|---|
| Dewey Decimal Classification | Not For Loan | Reference | Central Library, University of Rajshahi | Central Library, University of Rajshahi | 23/02/1986 | Dhaka, Bangla Academy | 20.00 | BR 103 DAR 1984 | 22/10/2017 | C-1 | Reference |